Online
Catalog

Tu nombre es como el sabor de la vida : (Record no. 22950)

MARC details
000 -CABECERA
campo de control de longitud fija 00815nam a2200205 a 4500
001 - NÚMERO DE CONTROL
campo de control 000023454
005 - FECHA Y HORA DE LA ÚLTIMA TRANSACCIÓN
campo de control 20200930022230.0
008 - DATOS DE LONGITUD FIJA--INFORMACIÓN GENERAL
campo de control de longitud fija 101208s1995 sp r 000 0 spa d
020 ## - NÚMERO INTERNACIONAL ESTÁNDAR DEL LIBRO
Número Internacional Estándar del Libro 8481090441
040 ## - FUENTE DE LA CATALOGACIÓN
Centro catalogador/agencia de origen DO-SdBNP
Lengua de catalogación spa
Centro/agencia transcriptor BNPHU
082 ## - NÚMERO DE LA CLASIFICACIÓN DECIMAL DEWEY
Número de clasificación 232.901
Número de documento/Ítem D776
049 ## - FONDOS LOCALES (OCLC)
Fondos de biblioteca BNGR
100 1# - ENTRADA PRINCIPAL--NOMBRE DE PERSONA
Nombre de persona Drewermann, Eugen
9 (RLIN) 48329
245 10 - MENCIÓN DE TÍTULO
Título Tu nombre es como el sabor de la vida :
Resto del título el relato de la infancia de Jesús según el evangelio de Lucas : una interpretación psicoanalítica /
Mención de responsabilidad, etc. Eugen Drewermann ; traducción de José Luis Gil Aristu.
260 ## - PUBLICACIÓN, DISTRIBUCIÓN, ETC.
Lugar de publicación, distribución, etc. Barcelona, (España) :
Nombre del editor, distribuidor, etc. Galaxia Gutenberg Círculo de Lectores,
Fecha de publicación, distribución, etc. 1995.
500 ## - NOTA GENERAL
Nota general Incluye notas al pie de páginas
600 14 - PUNTO DE ACCESO ADICIONAL DE MATERIA--NOMBRE DE PERSONA
Nombre de persona JESUCRISTO
Subdivisión general BIOGRAFÍA
9 (RLIN) 48330
650 #4 - PUNTO DE ACCESO ADICIONAL DE MATERIA--TÉRMINO DE MATERIA
Término de materia o nombre geográfico como elemento de entrada Cristianismo
Subdivisión general Biografías
9 (RLIN) 1816
700 1# - PUNTO DE ACCESO ADICIONAL--NOMBRE DE PERSONA
Nombre de persona Gil Aristu, José Luis
Término indicativo de función/relación tr.
9 (RLIN) 48331
Holdings
Estado de retiro Estado de pérdida Restricciones de uso No para préstamo Código de colección Localización permanente Ubicación/localización actual Ubicación en estantería Fecha de adquisición Número de inventario Total de préstamos Signatura topográfica completa Código de barras Fecha visto por última vez Precio válido a partir de Tipo de ítem Koha
        Monografías: Libros y Folletos General General En catalogación 08.12.2010 LF1   232.901 D776 23454-10 25.06.2020 25.06.2020 Préstamo en sala

Powered by Koha